<?xml version="1.0" encoding="UTF-8"?>
<marc:record xmlns:marc="http://www.loc.gov/MARC21/slim">
   <marc:leader>00000nam a2200000 a 4500</marc:leader>
   <marc:datafield ind1="1" ind2=" " tag="100">
      <marc:subfield code="a">Janisch, Heinz</marc:subfield>
      <marc:subfield code="4">aut</marc:subfield>
      <marc:subfield code="e">Verfasser/-in</marc:subfield>
   </marc:datafield>
   <marc:datafield ind1="0" ind2="0" tag="245">
      <marc:subfield code="a">Auch die Götter lieben Fußball</marc:subfield>
   </marc:datafield>
   <marc:datafield ind1="0" ind2="0" tag="245">
      <marc:subfield code="c">Heinz Janisch (Text). Artem (Ill.)</marc:subfield>
   </marc:datafield>
   <marc:datafield ind1=" " ind2="1" tag="264">
      <marc:subfield code="a">Zürich</marc:subfield>
      <marc:subfield code="b">Bajazzo-Verl.</marc:subfield>
      <marc:subfield code="c">2008</marc:subfield>
   </marc:datafield>
   <marc:datafield ind1="1" ind2=" " tag="520">
      <marc:subfield code="a">Angaben aus der Verlagsmeldung

Auch die Götter lieben Fußball / von Heinz Janisch

Der Autor Heinz Janisch hat im Hinblick auf die Europameisterschaften 2008 nachgeforscht, wie das Fußballspiel entstanden sein könnte. So fand er heraus, dass schon die Götter Griechenlands dieses Spiel kannten.
Den Dribbelkönig nannten sie den Gott der Umwege, die Göttin der Ungeduld war Verteidigerin und der Gott des Richtigen Augenblicks versenkte den Ball am Gott des Flugs vorbei ins Tor.
Nach einer wiederholten Niederlage, schoss der Gott aller Götter zornig den Ball weit übers Stadion hinaus in den Weltraum.
Der leuchtend blauen Ball wurde im Laufe von Jahrmillionen Jahren die Erde. Bald gab es winzige und riesige Tiere und später Menschen. Und irgendwann rollte ein Mädchen einen Apfel über eine Wiese …
So kam es, dass die Menschen (viel, viel später) die Europa- und Weltmeisterschaft, den UEFA-Cup die Champions League und andere Turniere erfanden…
</marc:subfield>
   </marc:datafield>
   <marc:datafield ind1=" " ind2=" " tag="020">
      <marc:subfield code="a">9783907588932</marc:subfield>
      <marc:subfield code="9">9783907588932</marc:subfield>
   </marc:datafield>
   <marc:datafield ind1=" " ind2=" " tag="020">
      <marc:subfield code="a">3907588932</marc:subfield>
      <marc:subfield code="9">3907588932</marc:subfield>
   </marc:datafield>
   <marc:datafield ind1=" " ind2=" " tag="300">
      <marc:subfield code="a">25] S.</marc:subfield>
   </marc:datafield>
</marc:record>
